Jenny's new tree : (Record no. 8975)

MARC details
000 -LEADER
fixed length control field 00846nam a22002777a 4500
001 - CONTROL NUMBER
control field 8975
003 - CONTROL NUMBER IDENTIFIER
control field FISKH
005 - DATE AND TIME OF LATEST TRANSACTION
control field 20260422152939.0
008 - FIXED-LENGTH DATA ELEMENTS--GENERAL INFORMATION
fixed length control field 251112b cb ||||| |||| 00| 0 eng d
020 ## - INTERNATIONAL STANDARD BOOK NUMBER
International Standard Book Number 9780462004853
040 ## - CATALOGING SOURCE
Original cataloging agency FISKH
Language of cataloging eng
Transcribing agency FISKH
Modifying agency FISKH
050 ## - LIBRARY OF CONGRESS CALL NUMBER
Classification number PZ7
082 ## - DEWEY DECIMAL CLASSIFICATION NUMBER
Classification number 582.16
100 ## - MAIN ENTRY--PERSONAL NAME
Personal name Brown, Cushla
Relator term Author
245 ## - TITLE STATEMENT
Title Jenny's new tree :
Remainder of title My pals are here! /
Statement of responsibility, etc. Written by Cushla Brown ; Illustrated by Clive Taylor
260 ## - PUBLICATION, DISTRIBUTION, ETC.
Place of publication, distribution, etc. Singapore :
Name of publisher, distributor, etc. Marshall Cavendish Education ,
Date of publication, distribution, etc. 2008
300 ## - PHYSICAL DESCRIPTION
Extent 16 pages :
Other physical details color illustrations ;
Dimensions 16 x 19 cm
505 ## - FORMATTED CONTENTS NOTE
Formatted contents note E<br/>
520 ## - SUMMARY, ETC.
Summary, etc. Jenny went to get a new tree with Suzy and Cory.
521 8# - TARGET AUDIENCE NOTE
Target audience note 300<br/>
Source Lexile estiamte<br/>
521 8# - TARGET AUDIENCE NOTE
Target audience note E<br/>
Source Raz-Plus<br/>
650 ## - SUBJECT ADDED ENTRY--TOPICAL TERM
Topical term or geographic name entry element Animal fiction
Form subdivision Tree
700 ## - ADDED ENTRY--PERSONAL NAME
Personal name Taylor, Clive
Relator term Illustrator
942 ## - ADDED ENTRY ELEMENTS (KOHA)
Source of classification or shelving scheme Dewey Decimal Classification
Koha item type Books
Suppress in OPAC No
Holdings
Withdrawn status Lost status Source of classification or shelving scheme Damaged status Not for loan Home library Current library Shelving location Date acquired Total Checkouts Full call number Barcode Date last seen Copy number Price effective from Koha item type
    Dewey Decimal Classification     Footprints International School Library Network Toul Tom Poung Campus Footprints International School Library Network Toul Tom Poung Campus TTP Primary Green Bookshelves 11/12/2025   BRO 582.16 PZ7 FISBK06500 11/12/2025 1 11/12/2025 Books
    Dewey Decimal Classification     Footprints International School Library Network Toul Tom Poung Campus Footprints International School Library Network Toul Tom Poung Campus TTP Primary Green Bookshelves 04/22/2026   BRO 582.16 PZ7 2026-0528 04/22/2026 2 04/22/2026 Books